00293cam a22001091 4500082001900000100001800019245005000037260003300087300001800120526003700138650000800175 a674.13bWANcD1 aWnagaard, f.f10aOverview of wood as a materialbF.f. wargaard apennsylvania,bEmmse,c1981. a465p.c30 cm. a0b0c0d674_130000000000000_WAN 0aMCE